Rozsypanka literowa – Województwa - Statystyki

Ogólne statystyki
  • Ten quiz został rozwiązany 5 620 razy
  • Średni wynik to 13 z 16
Statystyki odpowiedzi
Województwo % Poprawnych
śląskie
94%
łódzkie
92%
dolnośląskie
86%
lubelskie
86%
lubuskie
86%
warmińsko-mazurskie
84%
świętokrzyskie
83%
kujawsko-pomorskie
81%
opolskie
81%
podkarpackie
81%
zachodniopomorskie
78%
mazowieckie
77%
wielkopolskie
76%
małopolskie
75%
pomorskie
75%
podlaskie
73%
Nie znaleziono quizów pasujących do podanych kryteriów
Rozkład punktacji
Procent ludzi z każdym wynikiem
Percentyl według liczby udzielonych odpowiedzi
Twoja historia wyników
Nie rozwiązałeś tego quizu